000 00463nam a22000977a 4500
999 _c2993
_d2993
008 190429b ||||| |||| 00| 0 eng d
100 _aRobert A. Siegel Auction Galleries
245 _aThe Bernard Faust collection of the United States 1863-68 Black Jack issue
260 _bRobert A. Siegel Auction Galleries
_c2018
650 _aUnited States | 1863-1868 | Black Jack Issues | Topical Collecting -- Presidents | Jackson, Andrew | Faust, Bernard -- Collections | Auctions